| 000 | 00995cam a22002893a 4500 | ||
|---|---|---|---|
| 001 | 4638 | ||
| 003 | PGUSA | ||
| 005 | 20140828083101.0 | ||
| 008 | 031101s2003||||xxu|||||s|||||000 | eng d | ||
| 040 |
_aPGUSA _beng |
||
| 042 | _adc | ||
| 050 | 4 | _aF850.5 | |
| 100 | 1 |
_aWoolley, L. H. _q(Lell Hawley), _d1825- |
|
| 245 | 1 | 0 |
_aCalifornia, 1849-1913; Or, The Rambling Sketches and Experiences of Sixty-four Years' Residence in that State _h[electronic resource] / _cL. H. Woolley |
| 260 |
_bProject Gutenberg, _c2003 |
||
| 506 | _aPublic domain in the USA. | ||
| 516 | _aElectronic text | ||
| 653 | _aMines and mineral resources -- California | ||
| 653 | _aBusiness -- California | ||
| 653 | _aUrbanization -- California | ||
| 653 | _aFrontier and pioneer life -- California | ||
| 653 | _aReal estate development -- California | ||
| 653 | _aLaw -- Political aspects -- California | ||
| 830 | 0 |
_aProject Gutenberg _v4638 |
|
| 856 | 4 | 0 | _uhttp://www.gutenberg.org/ebooks/4638 |
| 942 | _cEB | ||
| 999 |
_c233967 _d233967 |
||